Historia de un hombre formal / (Record no. 186784)
[ view plain ]
| 000 -LEADER | |
|---|---|
| campo de control de longitud fija | 00588nam a2200181 i 4500 |
| 001 - NÚMERO DE CONTROL | |
| campo de control | 186784 |
| 003 - IDENTIFICADOR DE NÚMERO DE CONTROL | |
| campo de control | ES-MaACL |
| 005 - FECHA Y HORA DE LA ÚLTIMA TRANSACCIÓN | |
| campo de control | 20230906222738.0 |
| 008 - DATOS DE LONGITUD FIJA--INFORMACIÓN GENERAL | |
| campo de control de longitud fija | 170215s1910 sp |||| | spa d |
| 100 0# - ENTRADA PRINCIPAL--NOMBRE DE PERSONA | |
| Nombre de persona | Larrubiera, Alejandro. |
| 9 (RLIN) | 70365 |
| 245 10 - MENCIÓN DEL TÍTULO | |
| Título | Historia de un hombre formal / |
| Mención de responsabilidad, etc. | novela de Alejandro Larrubiera ; ilustraciones de Espi. |
| 260 ## - PUBLICACIÓN, DISTRIBUCIÓN, ETC. | |
| Lugar de publicación, distribución, etc. | Madrid : |
| Nombre del editor, distribuidor, etc. | Los Contemporáneos, |
| Fecha de publicación, distribución, etc. | 1910. |
| 300 ## - DESCRIPCIÓN FÍSICA | |
| Extensión | [20] p. : |
| Otras características físicas | il. ; |
| Dimensiones | 27 cm. |
| 490 1# - MENCIÓN DE SERIE | |
| Mención de serie | Los contemporaneos ; |
| Designación de volumen o secuencia | 87 |
| 830 0# - PUNTO DE ACCESO ADICIONAL DE SERIE-TÍTULO UNIFORME | |
| Título uniforme | Los contemporaneos ; |
| Designación de volumen o secuencia | 87 |
| 9 (RLIN) | 185715 |
| 852 ## - LOCALIZACIÓN | |
| Ubicación | ES-MaACL |
| Número de control de estantería | R-2599(9) |
| Estatus retirado | Estado de pérdida | Estado de daño | No para préstamo | Biblioteca de origen | Biblioteca actual | Ubicación en estantería | Fecha de adquisición | Fuente de adquisición | Total de préstamos | Signatura topográfica completa | Código de barras | Visto por última vez | Precio de reemplazo | Tipo de ítem Koha |
|---|---|---|---|---|---|---|---|---|---|---|---|---|---|---|
| Biblioteca del Ateneo de Madrid | Biblioteca del Ateneo de Madrid | Depósito | 15/02/2017 | R-2599(9) | 1197020 | 23/02/2023 | 23/02/2023 | Libro impreso |
